000 00661nam a2200193 a 4500
001 000367368
003 AM-YeHGA
005 20250617131818.0
008 041007s1984 ||| r 000 0 rus d
040 _aAM-YeHGA
041 1 _arus
_hrum
100 1 _aСтэнеску, Никита
245 1 0 _aСтихи :
_bПер. с рум. /
_cНикита Стэнеску; Сост. и предисл. Ю. Кожевникова.
260 _aМосква :
_bХудож. лит,
_c1984.
300 _a152 с.
653 0 _aРумынская поэзия
700 1 _aКожевников, Ю.
_eсост.
_eавт. предисл.
_4com
_4aui
090 _c141842
999 _c140464
_d140464